原神 キャラ名出現頻度文字クイズ - Statistics

General Stats
  • This quiz has been taken 15 times
  • The average score is 6 of 13
Answer Stats
出現回数 答え % Correct
30
100%
18
62%
15
46%
12
46%
18
38%
16
38%
16
38%
14
38%
13
38%
12
38%
12
38%
12
38%
12
31%
No matching quizzes found
Score Distribution
Percent of People with Each Score
Percentile by Number Answered
Your Score History
You have not taken this quiz